000 00481nam a22001697a 4500
003 OSt
008 241022b |||||||| |||| 00| 0 eng d
020 _a9781782216506
082 _a757 NAA
100 _aNAWRATIL, Waltraud
245 _aAbstract Acrylics: New approaches to painting nature using acrylics with mixed media
250 _a1st. ed.,
260 _aTunbridge Wells, Kent, TN2 3DR,
_bSearch Press,
_c2019,
300 _a112 p.
650 _aB.FAD.
942 _2ddc
_cREF
999 _c12925
_d12925